[Event "AUTO-MASTER-3264"]
[Site "http://www.queenalice.com/game.php?id=1857031"]
[Date "2025.5.9"]
[Round "1"]
[White "Mistakesrme"]
[Black "attachui"]
[Result "0-1"]
[WhiteElo "1953"]
[BlackElo "2090"]

1. c4 Nf6 2. g3 g6 3. Bg2 Bg7 4. Nc3 O-O 5. Nf3 Nc6 6. d4 d5 7. cxd5 Nxd5 8. O-O
Ncb4 9. e4 Nb6 10. Be3 Nc4 11. Qb3 Nxe3 12. fxe3 a5 13. a3 Nc6 14. Rac1 b6 0-1

[Event "AUTO-MASTER-3264"]
[Site "http://www.queenalice.com/game.php?id=1857032"]
[Date "2025.5.9"]
[Round "1"]
[White "attachui"]
[Black "Mistakesrme"]
[Result "1-0"]
[WhiteElo "2101"]
[BlackElo "1942"]

1. d4 b6 2. c4 e6 3. e4 Bb7 4. Nc3 Bb4 5. Qc2 Bxc3+ 6. bxc3 Qh4 7. d5 f5 8. exf5
exd5 9. cxd5 Bxd5 10. Qe2+ Ne7 11. Nf3 Qe4 12. Be3 Nxf5 13. Ng5 Qe7 14. Bf4 d6
15. O-O-O Qxe2 16. Bxe2 1-0

[Event "AUTO-MASTER-3266"]
[Site "http://www.queenalice.com/game.php?id=1857770"]
[Date "2025.5.24"]
[Round "1"]
[White "Mistakesrme"]
[Black "Nino75"]
[Result "0-1"]
[WhiteElo "2009"]
[BlackElo "2078"]

1. c4 e5 2. g3 Nf6 3. Bg2 d5 4. cxd5 Nxd5 5. Nc3 Nxc3 6. bxc3 Bc5 7. e3 O-O 8.
d4 exd4 9. cxd4 Bb4+ 10. Bd2 Qd6 11. Ne2 Nc6 12. O-O Bg4 13. h3 Bh5 14. g4 Bg6
15. Nf4 Rad8 16. Nxg6 hxg6 17. Bxc6 Bxd2 18. Bxb7 Bb4 19. Qa4 Qb6 20. Bg2 a5 21.
Rab1 c5 22. a3 cxd4 23. exd4 Rxd4 0-1

[Event "AUTO-MASTER-3266"]
[Site "http://www.queenalice.com/game.php?id=1857771"]
[Date "2025.5.24"]
[Round "1"]
[White "Nino75"]
[Black "Mistakesrme"]
[Result "1-0"]
[WhiteElo "2091"]
[BlackElo "1996"]

1. e4 e6 2. d4 d5 3. Nc3 Bb4 4. e5 c5 5. Nf3 cxd4 6. Nxd4 Qc7 7. Nb5 Qxe5+ 8.
Qe2 Qxe2+ 9. Bxe2 Na6 10. Bd2 Ne7 11. Na4 Bxd2+ 12. Kxd2 O-O 13. c3 Rd8 14. Kc2
Bd7 15. b4 Rac8 16. a3 Bxb5 17. Bxb5 Nc7 18. Nc5 Nxb5 19. a4 Nxc3 20. Kxc3 b6
21. Kd4 bxc5+ 22. bxc5 Nf5+ 23. Ke5 Rxc5 24. g4 1-0

[Event "AUTO-MASTER-3270"]
[Site "http://www.queenalice.com/game.php?id=1859432"]
[Date "2025.7.5"]
[Round "1"]
[White "IranSilva"]
[Black "Mistakesrme"]
[Result "1-0"]
[WhiteElo "2248"]
[BlackElo "2016"]

1. Nf3 e6 2. d4 f5 3. c4 Nf6 4. Nc3 Be7 5. Bg5 O-O 6. e3 b6 7. Bd3 Bb7 8. O-O c5
9. Re1 Nd5 10. Bxe7 Nxe7 11. d5 exd5 12. cxd5 Kh8 13. Bc4 Ng6 14. Ng5 Qxg5 15.
h4 Nxh4 16. Bf1 Ba6 17. g3 Bxf1 18. Kxf1 Ng6 19. Nb5 Na6 20. a3 f4 21. gxf4 Nxf4
22. exf4 Qxf4 23. Re2 Rae8 24. Qc2 Qh4 25. Kg2 Qg4+ 26. Kf1 1-0

[Event "AUTO-MASTER-3270"]
[Site "http://www.queenalice.com/game.php?id=1859433"]
[Date "2025.7.5"]
[Round "1"]
[White "Mistakesrme"]
[Black "IranSilva"]
[Result "0-1"]
[WhiteElo "2074"]
[BlackElo "2216"]

1. c4 b6 2. Nc3 Bb7 3. e4 e5 4. Nf3 Nc6 5. g3 Bc5 6. Bg2 Nge7 7. O-O O-O 8. d3
f5 9. exf5 Nxf5 10. Nxe5 Na5 11. a3 Bxg2 12. Kxg2 Nb7 13. b4 Bd4 14. Bb2 Bxe5
15. Qf3 Nh4+ 0-1

[Event "AUTO-MASTER-3270"]
[Site "http://www.queenalice.com/game.php?id=1859446"]
[Date "2025.7.5"]
[Round "1"]
[White "rmvwoods"]
[Black "Mistakesrme"]
[Result "1-0"]
[WhiteElo "1997"]
[BlackElo "1968"]

1. e4 e6 2. d4 d5 3. e5 c5 4. c3 Qb6 5. Nf3 Nc6 6. a3 Nh6 7. Be2 cxd4 8. cxd4
Nf5 9. b4 Nfxd4 10. Bb2 Nxf3+ 11. Bxf3 Bd7 12. O-O a5 13. b5 Ne7 14. a4 Ng6 15.
Nd2 Rc8 16. Rc1 Be7 17. Be2 1-0

[Event "AUTO-MASTER-3270"]
[Site "http://www.queenalice.com/game.php?id=1859447"]
[Date "2025.7.5"]
[Round "1"]
[White "Mistakesrme"]
[Black "rmvwoods"]
[Result "0-1"]
[WhiteElo "1984"]
[BlackElo "1981"]

1. c4 c5 2. g3 Nc6 3. Bg2 g6 4. Nc3 Bg7 5. e4 Nf6 6. d3 d6 7. Nge2 O-O 8. O-O
Rb8 9. h3 Nd4 10. Be3 Nxe2+ 11. Qxe2 Be6 12. Nd5 Qd7 13. Kh2 b5 14. Rab1 b4 15.
b3 Bxd5 16. exd5 Rfe8 0-1

[Event "AUTO-MASTER-3270"]
[Site "http://www.queenalice.com/game.php?id=1859454"]
[Date "2025.7.5"]
[Round "1"]
[White "maurice916"]
[Black "Mistakesrme"]
[Result "1-0"]
[WhiteElo "1828"]
[BlackElo "2064"]

1. Nf3 e6 2. b3 f5 3. Bb2 Nf6 4. e3 Be7 5. Be2 b6 6. c4 Bb7 7. O-O O-O 8. d4 d6
9. Nbd2 Qe8 10. Re1 Ne4 11. Nf1 Nd7 12. d5 e5 13. N1d2 Qf7 14. Rf1 g5 15. Nxe4
fxe4 16. Nd2 Nf6 17. Qc2 Qg6 18. f4 1-0

[Event "AUTO-MASTER-3270"]
[Site "http://www.queenalice.com/game.php?id=1859455"]
[Date "2025.7.5"]
[Round "1"]
[White "Mistakesrme"]
[Black "maurice916"]
[Result "0-1"]
[WhiteElo "2039"]
[BlackElo "1853"]

1. c4 c6 2. g3 Nf6 3. Bg2 d5 4. Nf3 h6 5. O-O Bf5 6. cxd5 cxd5 7. d4 e6 8. Nc3
Nc6 9. h3 Be7 10. Re1 O-O 11. Bf4 g5 12. Be3 Re8 13. Qd2 Nh7 14. g4 Bg6 15. Rac1
Rc8 0-1

[Event "AUTO-OPEN-4632"]
[Site "http://www.queenalice.com/game.php?id=1867463"]
[Date "2025.12.29"]
[Round "1"]
[White "Mistakesrme"]
[Black "Capixaba789"]
[Result "1-0"]
[WhiteElo "1932"]
[BlackElo "1863"]

1. c4 e5 2. g3 f5 3. d4 e4 4. Nc3 Nf6 5. Bg5 Be7 6. h4 c6 7. e3 d6 8. Nge2 Be6
9. Nf4 Bf7 10. Bh3 g6 11. d5 c5 12. Bh6 Na6 13. a3 Qb6 14. Qa4+ Nd7 15. Ne6 Bxe6
16. dxe6 O-O-O 17. exd7+ Rxd7 18. Qc2 Rdd8 19. Nd5 Qa5+ 20. Ke2 Rde8 21. Bg7
Rhg8 22. Bf6 Bd8 23. Bc3 1-0

[Event "AUTO-OPEN-4632"]
[Site "http://www.queenalice.com/game.php?id=1867464"]
[Date "2025.12.29"]
[Round "1"]
[White "Capixaba789"]
[Black "Mistakesrme"]
[Result "0-1"]
[WhiteElo "1906"]
[BlackElo "1945"]

1. d4 e6 2. e4 d5 3. exd5 exd5 4. Nc3 c6 5. Nf3 Bd6 6. Bd3 Ne7 7. O-O Bf5 8. Ne5
Nd7 9. f4 O-O 10. Qf3 f6 11. Ng4 Qc7 12. Bd2 Bxd3 13. cxd3 Nf5 14. Kh1 Nxd4 15.
Qh3 Rae8 16. Rae1 Nc2 17. Rxe8 Rxe8 18. Qf3 Nd4 19. Qg3 Nf5 20. Qh3 Bxf4 21.
Bxf4 Qxf4 22. Rd1 Qd2 23. Rg1 Re1 0-1

[Event "AUTO-MASTER-3292"]
[Site "http://www.queenalice.com/game.php?id=1867586"]
[Date "2026.1.7"]
[Round "1"]
[White "Guilherme_Ottoni"]
[Black "Mistakesrme"]
[Result "1/2-1/2"]
[WhiteElo "2244"]
[BlackElo "1959"]

1. e4 e6 2. d4 d5 3. exd5 exd5 4. c4 Bb4+ 5. Nc3 Ne7 6. Nf3 O-O 7. Be2 dxc4 8.
Bxc4 Bg4 9. Be3 Nbc6 10. O-O Nf5 11. h3 Bxf3 12. Qxf3 Ncxd4 13. Bxd4 Nxd4 14.
Qxb7 Bd6 15. Qe4 Re8 16. Qd3 Ne6 17. Qf3 Rb8 18. Rab1 Ng5 19. Qd3 Qf6 20. Nd5
Qg6 21. Qxg6 1/2-1/2